Rooms found footage entities: A-section - Statistics

General Stats
  • This quiz has been taken 20 times
    19 since last reset
  • The average score is 11 of 12
Answer Stats
Hint: Answer: % Correct
First entity. A-20
100%
From the original rooms. A-60
100%
Same as the one above, but faster, and harder. [And green] A-20i
92%
Same as the one above, but blue. And silent. A-60i
92%
From doors. [Removed] A-120
85%
Tries to pretend to be the one above, and checks all grey lockers. A-135
85%
Green, and faster than the one above, also rebounds, and also screams. A-135i
85%
Breaks the front door. A-200
85%
Rarely appears after the one above attacks, blue and silent. A-200i
85%
Appears inside the room instead of rushing to it. A-85
85%
Infinitely rebounds until certain number of doors is opened A-85i
85%
Appears in every section. Also known as A-300. Mouth
77%
No matching quizzes found
Score Distribution
Percent of People with Each Score
Percentile by Number Answered
Your Score History
You have not taken this quiz since the last reset